Elements of railroad track and construction /

Bibliographic Details
Main Author: Wilson, Winter Lincoln, 1866-
Format: Book
Language:English
Published: New York : J. Wiley, 1908.
Edition:1st ed.
Subjects:

MARC

Tag First Indicator Second Indicator Subfields
LEADER 00000cam a2200000 4500
001 in00000613862
005 20151015050831.0
008 780925s1908 nyua 00110 eng
010 |a  08027791  
035 |a (OCoLC)04247521 
035 |9 ACT2558AM 
040 |a DLC  |c TXA  |d UtOrBLW 
049 |a TXAM  |c [22590] 
050 0 0 |a TF200  |b .W6 
100 1 |a Wilson, Winter Lincoln,  |d 1866- 
245 1 0 |a Elements of railroad track and construction /  |c by Winter L. Wilson. 
250 |a 1st ed.  |b 1st thousand. 
264 1 |a New York :  |b J. Wiley,  |c 1908. 
300 |a v, 320 pages :  |b illustrations, diagrams ;  |c 19 cm. 
336 |a text  |b txt  |2 rdacontent 
337 |a unmediated  |b n  |2 rdamedia 
338 |a volume  |b nc  |2 rdacarrier 
650 0 |a Railroads  |x Design and construction. 
650 0 |a Railroad tracks. 
999 |a MARS 
999 f f |s d39ec958-03f8-3f31-bae1-89636a6178b8  |i fd33956a-53bc-3c2d-b3b6-81aa67c75389  |t 0 
952 f f |p ric  |a Texas A&M University  |b Rellis Campus  |c Joint Library Facility  |d Remote Storage  |t 0  |e TF200 .W6  |h Library of Congress classification  |i unmediated -- volume  |m A14805391835 
998 f f |a TF200 .W6  |t 0  |l Remote Storage